000 00551 a2200181 4500
999 _c7059
_d7059
020 _a9780521469326
050 _aBS 2595.2 GRE 1995
100 _aGreen, Joel B.
_eauthor
245 _aThe theology of the Gospel of Luke/
_cJoel B. Green edited by James D.G. Dunn
264 _aCambridge:
_bCambridge University Press,
_c1995
300 _a170p.:
440 _aNew Testament Theology
500 _aIncludes index
650 _aSalvation
_xChristianity
650 _aTheology
700 _aDunn, James,D.G
_eeditor
942 _2lcc
_cBK
_h2595.2
_iGRE
_kBS